00430nam a2200157Ia 4500003000400000008004100004040001600045082001800061100001500079245006100094700001800155260005600173300001000229650001000239650002300249GCL140319s9999 xx 000 0 eng d aGCL / cGCL04a641.3311bB W1 aBUSHUK, W.10aWjeat: Production, Properties and Quality / cBUSHUK, W.1 aRASPER, V. F. a[S.N] : bBLACKIE ACADEMIC & PROFESSIONAL ، c1994 a239 P04aWHEAT04aPLANT - PRODUCTION